POETRY AHHHH Quiz Stats

 Plays Quiz not verified by Sporcle

Score 0/42 Timer 15:00
0 Plays Today
Stresses Term % Correct
long narrative poem with elevated style and a heroic storyepic
70.7%
u /Iamb
61%
/ utrochee
51.2%
u u /anapest
51.2%
/ u udactyl
46.3%
a song of mourning or lamentelegy
46.3%
dawn poemaubade
43.9%
a poem of praise for funeralseulogy
43.9%
funeral songdirge
43.9%
a pastoral poem with idealistic happy themeidyll
43.9%
a song or poem of the nightnocturne
39%
/ u u /choriamb
36.6%
when a sentence continues on another line of poetryenjambment
36.6%
u / uamphibrach
34.1%
/ u /amphimacer
31.7%
short poem of praise or blameblason
31.7%
poem sung in a single voice at a funeralmonody
31.7%
incantation meant to further or thwart an actioncharm
31.7%
a4 b3 c4 b3ballad meter
31.7%
poem sung in a chorus at a funeralthrenody
29.3%
a poem celebrating marriageepithalamion
29.3%
Stresses Term % Correct
a4 b3 a4 b3common meter
29.3%
trimeter quatrain with one tetrameter line (very Emily Dickinson)short meter
29.3%
/ /spondee
29.3%
Rhyming words with multiple syllables and an unstressed endingfeminine
29.3%
omitting a sound in a word to make it fit the poetic meter (ex. ne'er)elision
26.8%
dramatic poem with plots and characters (began as pastoral poems)eclogue
24.4%
one word is repeated at the beginning of many linesanaphora
24.4%
a rhythmic pause in the middle of a poetic linecaesura
24.4%
a poem of praise, originally for Olympicsencomium
22%
tetrameter quatrain rhyming abbaIn Memoriam stanza
22%
Rhyming words with single syllables and a stressed endingmasculine
22%
a poem of thanksgiving in praise of battlespanegyric
19.5%
a poem with the same amount of syllables per linepure syllabic
19.5%
a poem with the same amount of syllables and stresses per lineaccentual-syllabic
19.5%
a poem with the same about of stresses per line, but varied number of syllablespure accentual
17.1%
a funeral orationepicede
14.6%
a poem of praise or blameepideictic
14.6%
sing-songy poems written to be sold at the side of the streetbroadside ballads
14.6%
u upyrrhic
12.2%
poem in the form of a letterepistolary
12.2%
a poem created by a group of peoplecoterie
4.9%

You're not logged in!

Compare scores with friends on all Sporcle quizzes.
OR
Log In

Sporcle TV

Today on Sporcle TV


Watch our educational content, quiz creation guides, and fun videos on Sporcle TV.

Show Comments

Extras

Created Oct 17, 2010ReportNominate
Tags:Poem Quiz

Top Quizzes Today


Score Distribution

Your Account Isn't Verified!

In order to create a playlist on Sporcle, you need to verify the email address you used during registration. Go to your Sporcle Settings to finish the process.

Report this User

Report this user for behavior that violates our Community Guidelines.

Details: